Aktívne nástrahy stippová (nadvihovacia) metóda lovu plotíc

Bibliographic Details
Main Authors: (juh) (Author), Schroeder, Dieter (Author)
Format: Article
Language:Slovak
PhysicalDescription:Obr.
ISSN:0231-8768
Subjects:

MARC

LEADER 00000nab a2200000 a 4500
001 vtls000773186
003 SK-MaSNL
005 20260304112250.0
008 250429c2001 xo 0 slo
015 |a SNBRB2001/11-31431 
035 |a CLN000124973 
035 |a urn:nbn:sk:snk-aber28 
035 |a (urnnbn)urn:nbn:sk:snk:ar-006z0g 
035 |a (uuid)a12efc3b-8318-4489-8c3b-10e2376f7ba6 
040 |a SNKBUCL  |b slo  |c SNKBUCL  |e AACR2 
041 0 |a slo 
044 |a xo  |c SK 
080 |a 639.215.081.4  |2 1997 
100 1 |a (juh)  |4 aut  |9 867252 
245 1 0 |a Aktívne nástrahy  |b stippová (nadvihovacia) metóda lovu plotíc  |c [autor] (juh) 
300 |b Obr. 
650 0 7 |a plotice  |x lov  |2 snkbucl  |9 1413906 
655 7 |a články z novín a časopisov  |2 snkbucl  |9 267496 
700 1 |a Schroeder, Dieter  |4 aut  |9 1413907 
773 0 |t Poľovníctvo a rybárstvo  |g Roč. 53, č. 7 (2001), s. 30-31  |x 0231-8768 
850 |a Slovenská národná knižnica 
852 |a Slovenská národná knižnica 
958 |a article27 
958 |a OND 
992 |a RBX 
999 |c 2864946  |d 2866876